000 00835nam a22002537a 4500
003 DO-SdBNP
005 20240304143328.0
007 ta
008 221117b2015 dr a|||| |||| 00| 0 spa d
020 _a9789945418354
040 _aDO-SdBNP
_bspa
_cBNPHU
082 4 _aRD861.5
_bB862t
_222
100 1 _aBrito Gabriel, Martín,
_d1955-
_982839
245 1 4 _aLos tiempos añejos /
_cMartín Brito Gabriel ; prólogo y cuidado Stanislaw Peña
260 _aSanto Domingo :
_bPlurilibros,
_c2015.
300 _a183 p. :
_bil. ;
_c23 cm.
500 _aIncluye datos biográficos del autor en las solapas
590 _aInventariado, 2022/BT
650 4 _aPoesía dominicana
650 4 _aLiteratura dominicana
700 1 _aPeña, Stanislaw
_epról. y cuidado
_974700
910 _a/Validado. Control de calidad MFF
942 _2ddc
_cLBS1
999 _c52966
_d52966